Análisis de circuitos en ingeniería (Registro nro. 22199)

Detalles MARC
000 -Cabecera
Campo de control interno 00984nam a22002537a 4500
005 - Fecha y hora del registro
control field 20260407164325.0
008 - Elementos de Longitud Fija
fixed length control field 260407b |||||||| |||| 00| 0 spa d
041 ## - Idioma
Codigo Idioma ESP
082 ## - DEWEY y NOTACIÓN INTERNA
Dewey 621.38412
Notación Interna H28
100 ## - AUTOR
Autor denominación Hayt, William H.
245 ## - TÍTULO DE MATERIAL BIBLIOGRÁFICO
Título Análisis de circuitos en ingeniería
260 ## - CIUDAD, EDITORIAL, AÑO
Ciudad :
Nombre de la Editorial ,
Año 2012
300 ## - DESCRIPCIÓN
N° Páginas xvi, 849 páginas :
Otros detalles ;
Dimensiones 27 cm.
440 ## - MENCIÓN DE SERIE
Título de la Serie ;
650 ## - TEMAS
Temas Tecnología (Ciencias Aplicadas)
654 ## - PROGRAMAS
Programa Dpto. de Ingeniería Mecatrónica
700 ## - OTROS AUTORES
Otros autores ;
856 ## - URL - UBICACIÓN
URI/URL: Enlace exacto del recurso <a href="https://itmsp.museknowledge.com/UCSP?url=https://www.ebooks7-24.com:443/?il=9273&pg=1">https://itmsp.museknowledge.com/UCSP?url=https://www.ebooks7-24.com:443/?il=9273&pg=1</a>
Nota pública: Versión digital <a href="Versión digital (2019)">Versión digital (2019)</a>
856 ## - URL - UBICACIÓN
URI/URL: Enlace exacto del recurso <a href="https://0u213vi6k-y-https-ebooks7--24-com.itmsp.museknowledge.com/biblioteca.aspx">https://0u213vi6k-y-https-ebooks7--24-com.itmsp.museknowledge.com/biblioteca.aspx</a>
Nota pública: Versión digital <a href="Véase además: Base de datos Ebook7-24">Véase además: Base de datos Ebook7-24</a>
856 ## - URL - UBICACIÓN
URI/URL: Enlace exacto del recurso <a href="https://0u206vi6r-y-https-ieeexplore-ieee-org.itmsp.museknowledge.com/Xplore/home.jsp">https://0u206vi6r-y-https-ieeexplore-ieee-org.itmsp.museknowledge.com/Xplore/home.jsp</a>
Nota pública: Versión digital <a href="Véase además: Base de datos IEEE Xplore">Véase además: Base de datos IEEE Xplore</a>
856 ## - URL - UBICACIÓN
URI/URL: Enlace exacto del recurso <a href="https://dl.acm.org/">https://dl.acm.org/</a>
Nota pública: Versión digital <a href="Véase además: Base de datos ACM Digital Library">Véase además: Base de datos ACM Digital Library</a>
942 ## - ELEMENTOS DE KOHA
Tipo de documento Libro
Nombre del creador Justo Noguera
Código de catalogador Justo Noguera
Suppress in OPAC No
Esquema de clasificación Dewey Decimal Classification
Existencias
Codigo completo Registro Colección Copia número Disponibilidad Tipo de préstamo Biblioteca Actual Procedencia (Biblioteca) Ubicacón Fecha Ingreso Tipo de Adquisición Date last seen Total checkouts Price effective from Tipo de Item Estado del Material Fuente de Clasificación Damaged status Withdrawn status
621.38412 H28 1069063 Universidad Católica San Pablo 2 Disponible Disponible Víctor Andrés Belaunde Víctor Andrés Belaunde Segundo piso 07/04/2026 Compra 07/04/2026   07/04/2026 Libro Bueno Dewey Decimal Classification    
621.38412 H28 1013352 Universidad Católica San Pablo 1 Disponible Disponible Víctor Andrés Belaunde Víctor Andrés Belaunde Segundo piso 07/04/2026 Compra 07/04/2026   07/04/2026 Libro Bueno Dewey Decimal Classification